Detalles MARC
| 000 -LEADER |
| fixed length control field |
03584nam a2200445 i 4500 |
| 005 - DATE AND TIME OF LATEST TRANSACTION |
| control field |
20250711223135.0 |
| 007 - PHYSICAL DESCRIPTION FIXED FIELD--GENERAL INFORMATION |
| fixed length control field |
ta |
| 008 - FIXED-LENGTH DATA ELEMENTS--GENERAL INFORMATION |
| fixed length control field |
240903t20242024ck fr 001 0dspa d |
| 020 ## - INTERNATIONAL STANDARD BOOK NUMBER |
| International Standard Book Number |
9786287596375 |
| 020 ## - INTERNATIONAL STANDARD BOOK NUMBER |
| International Standard Book Number |
6287596376 |
| 040 ## - CATALOGING SOURCE |
| Original cataloging agency |
CO-CtgCURN |
| Language of cataloging |
spa |
| Transcribing agency |
coctgcurn |
| 041 ## - LANGUAGE CODE |
| Language code of text/sound track or separate title |
spa |
| Language code of original |
eng |
| 043 ## - GEOGRAPHIC AREA CODE |
| Geographic area code |
n-us--- |
| 082 04 - DEWEY DECIMAL CLASSIFICATION NUMBER |
| Classification number |
305.42 |
| Item number |
B985 |
| Edition information |
23 |
| 100 1# - MAIN ENTRY--PERSONAL NAME |
| Personal name |
Butler, Judith, |
| Dates associated with a name |
1956- |
| Relator term |
autor. |
| 245 12 - TITLE STATEMENT |
| Title |
¿ Quién teme al género? / |
| Statement of responsibility, etc. |
Judith Butler ; traducción de Alicia Martorell. |
| 250 ## - EDITION STATEMENT |
| Edition statement |
Primera edición (Colombia). |
| 264 #1 - PRODUCTION, PUBLICATION, DISTRIBUTION, MANUFACTURE, AND COPYRIGHT NOTICE |
| Place of production, publication, distribution, manufacture |
Bogotá : |
| Name of producer, publisher, distributor, manufacturer |
Editorial Planeta Colombiana, |
| -- |
Paidós, |
| Date of production, publication, distribution, manufacture, or copyright notice |
2024 |
| 264 #4 - PRODUCTION, PUBLICATION, DISTRIBUTION, MANUFACTURE, AND COPYRIGHT NOTICE |
| Place of production, publication, distribution, manufacture |
2024 |
| 300 ## - PHYSICAL DESCRIPTION |
| Extent |
374 páginas ; |
| Dimensions |
23 cm. |
| 336 ## - CONTENT TYPE |
| Content type term |
texto |
| Content type code |
txt |
| Source |
rdacontent |
| 337 ## - MEDIA TYPE |
| Media type term |
sin mediación |
| Media type code |
n |
| Source |
rdamedia |
| 338 ## - CARRIER TYPE |
| Carrier type term |
volumen |
| Carrier type code |
nc |
| Source |
rdacarrier |
| 490 1# - SERIES STATEMENT |
| Series statement |
Biblioteca Judith Butler |
| 500 ## - GENERAL NOTE |
| General note |
Incluye datos biográficos del autor en la solapa posterior del libro. |
| 500 ## - GENERAL NOTE |
| General note |
Incluye índice onomástico y de materias. |
| 500 ## - GENERAL NOTE |
| General note |
De la autora de El género en disputa -- Cubierta. |
| 505 0# - FORMATTED CONTENTS NOTE |
| Formatted contents note |
Introducción -- Ideología de género y miedo a la destrucción -- 1. La situación en el mundo ; 2. El punto de vista del Vaticano ; 3. Ataques actuales contra el género en Estados Unidos ; 4. Trump, el sexo y el Tribunal Supremo ; 5. Feminismo transexcluyente y cuestiones de sexo en el Reino Unido 6. ℗ Qué pasa con el sexo? ; 7. ℗ De qué género eres? ; 8. Naturaleza y cultura: hacia la construcción conjunta ; 9. Legados raciales y coloniales del dimorfismo de género ; 10. Otros idiomas, o los desajustes de la traducción ; Conclusión: Miedo a la destrucción, lucha por imaginar. |
| 520 3# - SUMMARY, ETC. |
| Summary, etc. |
En todo el mundo se han fundado movimientos de ideología antigénero dedicados a hacer circular la fantasía de que el género es una amenaza peligrosa para las familias, las culturas locales, la civilización, e incluso para el propio ℗±hombre℗ . Inflamados por la retórica de figuras públicas y operando en tándem con los engañosos relatos de la teoría crítica de la raza y el pánico xenófobo a la migración, estos movimientos han intentado derogar la justicia reproductiva, socavar las protecciones contra la violencia y despojar de sus derechos a las personas trans y queer demonizando las luchas por la igualdad y dejando a millones de personas vulnerables a la subyugación. Pero ℗ qué es exactamente lo que perturba tanto del género? En ℗ Quién teme al género?, un libro tan vital como valiente, Judith Butler, cuyo pionero trabajo ha redefinido la forma en que pensamos sobre el género y la sexualidad, se enfrenta a los ataques contra el género que predominan en los movimientos de derecha actuales, examina cómo este se ha convertido en un fantasma para los regímenes autoritarios emergentes, las formaciones fascistas y las feministas transexclusivas, y expone cómo funciona este fantasma.-- Solapa |
| Assigning source |
editor. |
| 534 ## - ORIGINAL VERSION NOTE |
| Introductory phrase |
Título original |
| Title statement of original |
Who℗þs afraid of gender? |
| 650 17 - SUBJECT ADDED ENTRY--TOPICAL TERM |
| Topical term or geographic name entry element |
Ideología de género |
| General subdivision |
Aspectos sociales |
| -- |
Diferencias. |
| Source of heading or term |
Tesauro de género |
| 650 17 - SUBJECT ADDED ENTRY--TOPICAL TERM |
| Topical term or geographic name entry element |
Violencia de género. |
| Source of heading or term |
Tesauro de género |
| 650 17 - SUBJECT ADDED ENTRY--TOPICAL TERM |
| Topical term or geographic name entry element |
Comunidad LGBTI |
| General subdivision |
Condiciones sociales |
| -- |
Investigaciones. |
| Source of heading or term |
LEMB |
| 650 17 - SUBJECT ADDED ENTRY--TOPICAL TERM |
| Topical term or geographic name entry element |
Discriminacion sexual |
| General subdivision |
Situación legal. |
| Source of heading or term |
LEMB |
| 650 17 - SUBJECT ADDED ENTRY--TOPICAL TERM |
| Topical term or geographic name entry element |
Feminismo |
| General subdivision |
Relaciones con los gobiernos |
| -- |
Historia-cronología. |
| Source of heading or term |
LEMB |
| 650 17 - SUBJECT ADDED ENTRY--TOPICAL TERM |
| Topical term or geographic name entry element |
Derechos humanos |
| General subdivision |
Legislación internacional |
| Form subdivision |
Informes. |
| Source of heading or term |
LEMB |
| 700 1# - ADDED ENTRY--PERSONAL NAME |
| Personal name |
Martorell Linares, Alicia, |
| Relator term |
traductor. |
| 830 #0 - SERIES ADDED ENTRY--UNIFORM TITLE |
| Uniform title |
Biblioteca Judith Butler (Editorial Paidós) |